The Children's Act 1960 (Act No.33 of 1960) as Amended : (Record no. 511)

MARC details
000 -LEADER
fixed length control field 00588nam a22001697a 4500
005 - DATE AND TIME OF INPUT
control field 20231110072524.0
008 - DATA ELEMENTS--GENERAL INFORMATION
fixed length control field 231110b |||||||| |||| 00| 0 eng d
041 ## - LANGUAGE CODE
Language code of text English
082 ## - SHELF NUMBER
DDC number 346.1 SPI
100 ## - MAIN AUTHOR
Main author's name Spiro, E
Language of a work English
245 ## - TITLE STATEMENT
Title The Children's Act 1960 (Act No.33 of 1960) as Amended :
Sub-title Being a Companion Work to Spiro's Law of Parent and Child /
Statement of responsibility, etc. E Spiro
250 ## - EDITION STATEMENT
Edition statement Second Edition
260 ## - PUBLICATION, DISTRIBUTION, ETC.
Place of publication, distribution, etc. Cape Town :
Name of publisher, distributor, etc. Juta and Company Ltd,
Date of publication, distribution, etc. 1965
300 ## - PHYSICAL DESCRIPTION
Other physical details xi, 337 pages ;
Dimensions 26 cm.
650 ## - SUBJECT`
Broad subject Legal practice
Own subject terms Law
942 ## - ADDED ENTRY ELEMENTS (KOHA)
Item type Books
942 ## - ADDED ENTRY ELEMENTS (KOHA)
-- ALISON_BN_VRIES
Holdings
Source of classification or shelving scheme Not for loan Collection code Home library Current library Shelving location Date acquired Full call number Barcode Price effective from Koha item type
Dewey Decimal Classification   TEXT BOOKS LAW SOCIETY OF NAMIBIA LIBRARY - WINDHOEK LAW SOCIETY OF NAMIBIA LIBRARY - WINDHOEK Family law 11/10/2023 346.1 SPI LSN/1987/231 11/10/2023 Books